| 000 | 00660nam a22002052 4500 | ||
|---|---|---|---|
| 001 | 0000009765 | ||
| 005 | 20151217155843.0 | ||
| 008 | 081127s xx 000 0 eng d | ||
| 040 |
_aKABU _cKABU |
||
| 100 | 1 |
_aProehl, Paul O. _@0000161540 |
|
| 245 | 1 | 0 |
_aFundamental rights under the Nigerian constitution 1960-1965 / _cby Paul O. Proehl. |
| 250 | _a1st ed. | ||
| 260 |
_aLos Angeles, CA : _bUniversity of California, _c1970. |
||
| 300 | _a41 p. | ||
| 650 | 0 |
_aCivil rights _zNigeria. _@0000161541 |
|
| 650 | 0 |
_aHuman rights _zNigeria. _@0000161542 |
|
| 852 | 1 | _9p100 KES | |
| 908 | _a081127 | ||
| 950 | _@1 | ||
| 999 |
_c13283 _d13283 |
||